Vector Mechanics for Engineers Statics/ (Record no. 31643)
[ view plain ]
| 000 -LEADER | |
|---|---|
| fixed length control field | 00562nam a22002177a 4500 |
| 003 - CONTROL NUMBER IDENTIFIER | |
| control field | Nust |
| 005 - DATE AND TIME OF LATEST TRANSACTION | |
| control field | 20210930115252.0 |
| 008 - FIXED-LENGTH DATA ELEMENTS--GENERAL INFORMATION | |
| fixed length control field | 170110b xxu||||| |||| 00| 0 eng d |
| 020 ## - INTERNATIONAL STANDARD BOOK NUMBER | |
| International Standard Book Number | 9780072976878 |
| 038 ## - RECORD CONTENT LICENSOR | |
| Staff Name | khadija |
| 040 ## - CATALOGING SOURCE | |
| Transcribing agency | . |
| 082 ## - DEWEY DECIMAL CLASSIFICATION NUMBER | |
| Classification number | 620.105 |
| Author Mark | BEE |
| 100 ## - MAIN ENTRY--PERSONAL NAME | |
| Personal name | Beer, P. Ferdinand. |
| 9 (RLIN) | 35915 |
| 245 ## - TITLE STATEMENT | |
| Title | Vector Mechanics for Engineers Statics/ |
| Statement of responsibility, etc. | Ferdinand P. Beer & E. Russell Johnston, Jr |
| 250 ## - EDITION STATEMENT | |
| Edition statement | 8th |
| 260 ## - PUBLICATION, DISTRIBUTION, ETC. | |
| Place of publication, distribution, etc. | Bostan |
| Name of publisher, distributor, etc. | McGrawHill |
| Date of publication, distribution, etc. | 2007. |
| 300 ## - PHYSICAL DESCRIPTION | |
| Extent | xix:602 |
| 500 ## - GENERAL NOTE | |
| General note | Hardcover. |
| 563 ## - BINDING INFORMATION | |
| Binding note | hardcover |
| 942 ## - ADDED ENTRY ELEMENTS (KOHA) | |
| Koha item type | Book |
| Source of classification or shelving scheme | |
| Withdrawn status | Lost status | Source of classification or shelving scheme | Damaged status | Not for loan | Permanent Location | Current Location | Shelving location | Date acquired | Total Checkouts | Full call number | Barcode | Date last seen | Date last checked out | Price effective from | Koha item type |
|---|---|---|---|---|---|---|---|---|---|---|---|---|---|---|---|
| School of Mechanical & Manufacturing Engineering (SMME) | School of Mechanical & Manufacturing Engineering (SMME) | General Stacks | 06/29/2015 | 1 | 620.105 BEE | SMME-139 | 08/30/2022 | 03/16/2022 | 06/29/2015 | Book |
